<?xml version="1.0" encoding="UTF-8"?><?xml-stylesheet type="text/xsl" href="static/style.xsl"?><OAI-PMH xmlns="http://www.openarchives.org/OAI/2.0/" xmlns:xsi="http://www.w3.org/2001/XMLSchema-instance" xsi:schemaLocation="http://www.openarchives.org/OAI/2.0/ http://www.openarchives.org/OAI/2.0/OAI-PMH.xsd"><responseDate>2026-04-17T11:45:52Z</responseDate><request verb="GetRecord" identifier="oai:www.recercat.cat:2072/455518" metadataPrefix="marc">https://recercat.cat/oai/request</request><GetRecord><record><header><identifier>oai:recercat.cat:2072/455518</identifier><datestamp>2024-11-01T00:01:55Z</datestamp><setSpec>com_2072_98</setSpec><setSpec>col_2072_378192</setSpec></header><metadata><record xmlns="http://www.loc.gov/MARC21/slim" xmlns:dcterms="http://purl.org/dc/terms/" xmlns:xsi="http://www.w3.org/2001/XMLSchema-instance" xmlns:doc="http://www.lyncode.com/xoai" xsi:schemaLocation="http://www.loc.gov/MARC21/slim http://www.loc.gov/standards/marcxml/schema/MARC21slim.xsd">
   <leader>00925njm 22002777a 4500</leader>
   <datafield ind2=" " ind1=" " tag="042">
      <subfield code="a">dc</subfield>
   </datafield>
   <datafield ind2=" " ind1=" " tag="720">
      <subfield code="a">Coradini, Lisabete</subfield>
      <subfield code="e">author</subfield>
   </datafield>
   <datafield ind2=" " ind1=" " tag="260">
      <subfield code="c">2021</subfield>
   </datafield>
   <datafield ind2=" " ind1=" " tag="520">
      <subfield code="a">Se trata de un trabajo sobre el espacio de sociabilidades, hibridismo cultural e inmigración de brasileños en Barcelona. Se analizó cómo la internacionalización de la música brasileña y la llegada de inmigrantes brasileños propició la creación de nuevos espacios sonoros y nuevas maneras de vivir la música en la ciudad catalana. Se realizó un mapeo de determinadas prácticas de consumo, producción y receptividad musical através del samba, samba-reggae y batucada (fiestas populares, efemérides, correfocs, carnaval, fiesta de Santa Eulalia, Semana Santa).</subfield>
   </datafield>
   <datafield ind2=" " ind1=" " tag="520">
      <subfield code="a">Es tracta d'un treball sobre l'espai de sociabilitats, hibridació cultural i immigració de brasilers/es a Barcelona. Es va analitzar com la internacionalització de la música brasilera i l'arribada d'immigrants brasilers va propiciar la creació de nous espais sonors i noves maneres de viure la música a la ciutat catalana. Es va realitzar un mapatge de determinades pràctiques de consum, producció i receptivitat musical a través de la samba, samba-reggae i batucada (festes populars, efemèrides, correfocs, carnestoltes, festa de Santa Eulàlia, Setmana Santa).</subfield>
   </datafield>
   <datafield ind2=" " ind1=" " tag="520">
      <subfield code="a">This is a research on space and sociabilities, cultural hybridism and Brazilian migrants in Barcelona. I analyzed how Brazilian music internationalization and the arrival of Brazilian immigrants allowed the onset of new soundscapes and ways of experiencing music in the Catalan city. I carried out a mapping of certain consumption practices, production and reception of music through samba, reggae-samba and "batucada" (popular parties, correfocs, carnival, Santa Eulalia's party, Easter).</subfield>
   </datafield>
   <datafield ind1="8" ind2=" " tag="024">
      <subfield code="a">http://hdl.handle.net/2072/455518</subfield>
   </datafield>
   <datafield ind2="0" ind1="0" tag="245">
      <subfield code="a">Inmigración y sociabilidad : samba, samba-reggae y batucada en Barcelona</subfield>
   </datafield>
</record></metadata></record></GetRecord></OAI-PMH>